Les 10 plus longues frontières du Monde (Mort subite) - Statistiques

Statistiques générales
  • Ce quiz a été pris 166 fois
  • Le résultat moyen est 4 sur 10
Answers on the Grid
Answers color-coded by a green-red scale on the quiz's grid according to % correct below.
Canada - Etats-Unis
Kazakhstan - Russie
Argentine - Chili
Chine - Mongolie
Chine - Russie
Bangladesh - Inde
Mongolie - Russie
Bolivie - Brésil
Chine - Inde
Etats-Unis - Mexique
Brésil - Pérou
Inde - Pakistan
Angola - RD Congo
Mali - Mauritanie
Colombie - Venezuela
Kazakhstan - Ouzbékistan
Laos - Viêt Nam
Afrique du Sud - Botswana
Norvège - Suède
Cameroun - Nigeria
 
Statistiques - réponses
Réponse % Correct
8 893 (6416+2477) Canada - Etats-Unis
73%
5 150 Argentine - Chili
61%
4 677 Chine - Mongolie
59%
3 485 Mongolie - Russie
56%
4 250 (4 195+55) Chine - Russie
54%
3 141 Etats-Unis - Mexique
51%
6 846 Kazakhstan - Russie
50%
3 380 Chine - Inde
24%
3 423 Bolivie - Brésil
13%
4 053 Bangladesh - Inde
8%
Aucun quiz correspondant
Distribution des résultats
% des personnes avec chaque résultat
Percentile par nombre de réponses
Votre historique - résultats
Vous n’avez pas pris ce quiz